Структура и кинетика взаимодействия металла с окисляющими средами

Opis bibliograficzny
1. autor: Гурский Л. И. Леонид Иванович
Kolejni autorzy: Зеленин В. А. Виктор Алексеевич
Język:rosyjski
Wydane: Минск, Наука и техника, 1982
Hasła przedmiotowe:
Format: Książka
KOHA link:https://koha.lib.tpu.ru/cgi-bin/koha/opac-detail.pl?biblionumber=109264

MARC

LEADER 00000nam0a2200000 4500
001 109264
005 20231031115946.0
020 |a RU  |b 82-10220 
035 |a (RuTPU)RU\TPU\book\117946 
090 |a 109264 
100 |a 20070202d1982 m a0rusy5003 ca 
101 0 |a rus 
102 |a BY 
105 |a a z 001zy 
200 1 |a Структура и кинетика взаимодействия металла с окисляющими средами  |f Л. И. Гурский, В. А. Зеленин  |g Под ред. С. А. Астапчика 
210 |a Минск  |c Наука и техника  |d 1982 
215 |a 192 с.  |c ил. 
610 1 |a структура 
610 1 |a кинетика 
610 1 |a взаимодействие 
610 1 |a металл 
610 1 |a формирование 
610 1 |a прокатка 
675 |a 669:[54  |v 3 
675 |a 620.193  |v 3 
700 1 |a Гурский  |b Л. И.  |g Леонид Иванович 
701 1 |a Зеленин  |b В. А.  |g Виктор Алексеевич 
801 0 |a RU  |b RuMRKP  |c 19950704  |g psbo 
801 1 |a RU  |b 63413507  |c 20070202  |g PSBO 
801 2 |a RU  |b 63413507  |c 20080201  |g PSBO 
942 |c BK